| 000 | 01341nam a2200313Ia 4500 | ||
|---|---|---|---|
| 005 | 20220316235324.0 | ||
| 008 | 121119s2003 ck a r 000 j spa | ||
| 020 | _a9583003409 | ||
| 041 | 1 | _aspa | |
| 100 | 1 |
_aWilde, Oscar, _d1854-1900 |
|
| 245 | 1 | 0 |
_aCuentos _cOscar Wilde ; traducción de David Cherician ; ilustraciones, Giovanni Cabrera Cuartas |
| 250 | _a5a reimpresión | ||
| 264 | 1 |
_aBogotá _bPanamericana _c2003 |
|
| 300 |
_a156 páginas _bilustraciones |
||
| 336 |
_atexto _btxt _2rdacontent |
||
| 337 |
_asin mediación _bn _2rdamedia |
||
| 338 |
_avolumen _bnc _2rdacarrier |
||
| 490 | 0 | _aLiteratura juvenil | |
| 505 | 0 | _a1.El ruiseñor y la rosa -- 2.El príncipe feliz -- 3.El gigante egoísta -- 4.El cohete extraordinario -- 5.El niño estelar. | |
| 520 | 3 | _aSe reúnen en esta edición varios de los cuentos y relatos breves de Oscar Wilde, dos géneros próximos por su naturaleza de prosa narrativa y por su extensión, pero muy diferentes en intención, temática y estilo. | |
| 650 | 1 | 4 |
_aCuentos infantiles ingleses _2LEMB |
| 650 | 1 | 4 |
_aGigantes _vCuentos _2LEMB |
| 650 | 1 | 4 |
_aLiteratura infantil inglesa _2LEMB |
| 700 | 1 |
_aCabrera Cuartas, Giovanni _eilustrador _9117699 |
|
| 700 | 1 |
_aCherician, David _etraductor _9117700 |
|
| 942 |
_2loc _cBKLIT |
||
| 040 |
_aCO-BoRNBP _bspa _erda _cCO-BoRNBP |
||
| 084 | _aC WIL1 | ||
| 999 |
_c601 _d601 |
||